[Event "Druzynowe Mistrzostwa Polski Juniorow - Ekstraliga"]
[Site "Suchedniow"]
[Date "1899-12-30"]
[Round "8.5"]
[White "Jedrocha, Katarzyna"]
[Black "Frej, Zofia"]
[Result "1/2-1/2"]
[WhiteTitle "k"]
[BlackTitle "I++"]
[WhiteElo "1948"]
[BlackElo "1929"]

1. f4 d5 2. Nf3 c5 3. g3 Nc6 4. Bg2 e6 5. O-O Bd6 6. d3 Nf6 7. Nc3 d4 8. Ne4 Nxe4
9. dxe4 e5 10. e3 Bg4 11. h3 Bxf3 12. Qxf3 O-O 13. Bd2 Qb6 14. b3 Rac8 15. h4
Nb4 16. c3 Nc2 17. Rac1 Nxe3 18. Bxe3 dxe3 19. c4 exf4 20. gxf4 Be7 21. Qxe3 Bxh4
22. Qh3 Qh6 23. Rcd1 Rcd8 24. Rd5 b6 25. e5 Rde8 26. Qf3 Qg6 27. Qh3 Qh6 28. Qf3
Qg6 29. Qh3 Qh6 30. Qf3 1/2-1/2

[Event "Druzynowe Mistrzostwa Polski Juniorow - Ekstraliga"]
[Site "Suchedniow"]
[Date "1899-12-30"]
[Round "8.6"]
[White "Czarniecka, Aleksandra"]
[Black "Dylag, Emilia"]
[Result "1/2-1/2"]
[WhiteTitle "I"]
[BlackTitle "I"]
[WhiteElo "1631"]
[BlackElo "1712"]

1. e4 c5 2. Nf3 e6 3. d4 cxd4 4. Nxd4 Nf6 5. Nc3 Nc6 6. Ndb5 Bb4 7. a3 Bxc3+ 8.
Nxc3 d5 9. exd5 exd5 10. Bd3 O-O 11. O-O d4 12. Ne2 Bg4 13. f3 Bh5 14. Nf4 Bg6
15. Nxg6 hxg6 16. f4 Re8 17. Qf3 Qd5 18. Bd2 Qxf3 19. Rxf3 Re7 20. h3 Rae8 21.
Kf2 Ne4+ 22. Bxe4 Rxe4 23. Re1 f5 24. Rd3 Kf7 25. g3 Ke6 26. c3 Kd5 27. cxd4 Rxe1
28. Bxe1 Nxd4 29. Bc3 Re2+ 30. Kf1 Re4 31. Kf2 Kc4 32. Re3 Rxe3 33. Kxe3 Nc2+
34. Kd2 Nd4 35. Ke3 Ne6 36. g4 b6 37. Be5 a5 38. Bc3 Kb3 39. Kf3 b5 40. Be5 Kc4
41. Ke3 Kd5 42. Bc3 a4 43. g5 Kc4 44. Ke4 1/2-1/2

[Event "Druzynowe Mistrzostwa Polski Juniorow - Ekstraliga"]
[Site "Suchedniow"]
[Date "1899-12-30"]
[Round "8.7"]
[White "Kucza, Karol"]
[Black "Kiolbasa, Oliwia"]
[Result "0-1"]
[WhiteTitle "FM"]
[BlackTitle "WIM"]
[WhiteElo "2294"]
[BlackElo "2318"]

1. e4 c5 2. Nf3 a6 3. c3 d5 4. exd5 Qxd5 5. d4 Nf6 6. Be3 cxd4 7. cxd4 e6 8. Nc3
Qd6 9. Bd3 Nc6 10. a3 Be7 11. O-O O-O 12. Rc1 Rd8 13. Bb1 g6 14. Qc2 Bd7 15. Rfd1
Be8 16. Ba2 Rac8 17. d5 exd5 18. Nxd5 Nxd5 19. Bxd5 Qb8 20. Qe4 Bf6 21. Bf4 Qa7
22. Bg5 Bxg5 23. Nxg5 Qb6 24. Qh4 h5 25. Qf4 Rd7 26. Qf6 Rxd5 27. Rxd5 Nd4 28.
Rxc8 Qxf6 29. Rxe8+ Kg7 30. h4 Qc6 31. Rde5 Nf5 32. g3 Qc1+ 33. Re1 Qxb2 34. Rd8
b5 35. Rd7 Nh6 36. Re3 Qc1+ 0-1

[Event "Druzynowe Mistrzostwa Polski Juniorow - Ekstraliga"]
[Site "Suchedniow"]
[Date "1899-12-30"]
[Round "8.8"]
[White "Szostko, Jakub"]
[Black "Woloch, Oskar"]
[Result "1/2-1/2"]
[WhiteTitle "k"]
[BlackTitle "k"]
[WhiteElo "2246"]
[BlackElo "2164"]

1. e4 e5 2. Nf3 Nc6 3. Bb5 a6 4. Ba4 Nf6 5. O-O Be7 6. Re1 b5 7. Bb3 d6 8. c3 O-O
9. h3 Na5 10. Bc2 c5 11. d4 Nd7 12. Nbd2 exd4 13. cxd4 Nc6 14. d5 Nce5 15. a4
Rb8 16. Nh2 Ng6 17. Ndf3 Re8 18. b3 Bf6 19. Ra2 Nde5 20. Nxe5 Bxe5 21. Ng4 Bxg4
22. Qxg4 Qc8 23. Qd1 c4 24. axb5 axb5 25. bxc4 bxc4 26. Ba4 Rf8 27. Bc6 Ne7 28.
Qa4 Nxc6 29. dxc6 Rb6 30. Qxc4 Rxc6 31. Qf1 f5 32. exf5 Qxf5 33. Be3 Kh8 34. Rd1
Qe4 1/2-1/2

[Event "Druzynowe Mistrzostwa Polski Juniorow - Ekstraliga"]
[Site "Suchedniow"]
[Date "1899-12-30"]
[Round "8.9"]
[White "Kalemba, Igor"]
[Black "Kosakowski, Jakub"]
[Result "0-1"]
[WhiteTitle "III"]
[BlackTitle "k"]
[WhiteElo "1041"]
[BlackElo "2122"]

1. e4 c5 2. Nf3 d6 3. d4 cxd4 4. Nxd4 Nf6 5. Nc3 a6 6. Be2 e5 7. Nb3 Be7 8. O-O
O-O 9. Bg5 Nbd7 10. Qd2 Qc7 11. Rad1 b5 12. Bg4 b4 13. Nd5 Nxd5 14. exd5 Bxg5
15. Qxg5 Nf6 16. Bf3 a5 17. Rd2 Ba6 18. Rc1 a4 19. Na1 Rfe8 20. c3 e4 21. Be2
e3 22. fxe3 Ne4 23. Qg4 Bc8 24. Qf4 Nxd2 25. Rd1 bxc3 26. Qd4 Ne4 27. Bd3 cxb2
28. Qxb2 Qc5 29. Re1 Ba6 30. Bxa6 Rxa6 31. Qe2 Rb6 32. Nc2 Rb2 33. Qf3 Qxc2 34.
Rf1 Nf6 0-1

[Event "Druzynowe Mistrzostwa Polski Juniorow - Ekstraliga"]
[Site "Suchedniow"]
[Date "1899-12-30"]
[Round "8.10"]
[White "Pytel, Maciej"]
[Black "Gorkiewicz, Mateusz"]
[Result "1-0"]
[WhiteTitle "I"]
[BlackTitle "II"]
[WhiteElo "2000"]
[BlackElo "1562"]

1. e4 e5 2. Nf3 Nc6 3. Bc4 Nf6 4. d3 Bc5 5. c3 a6 6. Bb3 Ba7 7. Nbd2 O-O 8. h3
h6 9. g4 d5 10. Qe2 Re8 11. Nf1 Qd6 12. Ng3 Be6 13. Rg1 Rad8 14. Nf5 Bxf5 15.
gxf5 Kh7 16. h4 Na5 17. Bc2 dxe4 18. dxe4 Nd7 19. b4 Nc6 20. Bb3 Qe7 21. Ng5+
hxg5 22. Qh5+ Kg8 23. hxg5 Nf8 24. Rh1 g6 25. Qh8# 1-0

[Event "Druzynowe Mistrzostwa Polski Juniorow - Ekstraliga"]
[Site "Suchedniow"]
[Date "1899-12-30"]
[Round "8.11"]
[White "Buchta, Agnieszka"]
[Black "Burakowska, Gabriela"]
[Result "0-1"]
[WhiteTitle "I++"]
[BlackTitle "I++"]
[WhiteElo "1653"]
[BlackElo "1841"]

1. e4 c5 2. b3 e6 3. Bb2 b6 4. Nc3 Bb7 5. Qf3 Nc6 6. O-O-O a6 7. Qg3 d6 8. f4 Qc7
9. Nd5 exd5 10. Bxg7 Bxg7 11. Qxg7 O-O-O 12. Qxh8 dxe4 13. Qxh7 Qe7 14. Qh3+ Kb8
15. Re1 d5 16. Ne2 Nf6 17. g4 d4 18. g5 Nd5 19. Qg3 e3 20. f5+ Ka7 21. d3 c4 22.
Bg2 Qa3+ 23. Kd1 cxb3 24. axb3 Qa1+ 25. Nc1 Nc3# 0-1

[Event "Druzynowe Mistrzostwa Polski Juniorow - Ekstraliga"]
[Site "Suchedniow"]
[Date "1899-12-30"]
[Round "8.12"]
[White "Kalinowska, Zuzanna"]
[Black "Karlyk, Maria"]
[Result "1-0"]
[WhiteTitle "k"]
[BlackTitle "I"]
[WhiteElo "1910"]
[BlackElo "1600"]

1. d4 d5 2. Nf3 Nf6 3. c4 e6 4. cxd5 exd5 5. Bg5 Be7 6. Nc3 O-O 7. e3 h6 8. Bh4
b6 9. Bd3 Bb7 10. O-O Nbd7 11. Qc2 c5 12. Rad1 Rc8 13. Bf5 cxd4 14. Nxd4 Ne4 15.
Ne6 fxe6 16. Bxe6+ Kh8 17. Bxe7 Qxe7 18. Bxd7 Nxc3 19. Bxc8 Nxd1 20. Bxb7 Nxe3
21. Qe2 Qxb7 22. Qxe3 Rd8 23. Qd4 Qc7 24. Rd1 Kg8 25. h3 Qc5 26. Rd3 Qxd4 27.
Rxd4 Kf7 28. Kf1 Ke6 29. Ke2 Ke5 30. Rg4 g5 31. h4 Kf5 32. Ra4 Rd7 33. hxg5 hxg5
34. Ra3 a5 35. Rf3+ Ke5 36. Rf8 Rd6 37. Kd3 Rf6 38. Rxf6 Kxf6 39. Kd4 Ke6 40.
f3 a4 41. a3 Kd6 42. g3 Ke6 43. f4 g4 44. f5+ Kxf5 45. Kxd5 b5 46. Kd4 Ke6 47.
Kc5 Ke5 48. Kxb5 Ke4 49. Kxa4 Kf3 50. b4 Kxg3 51. b5 Kf3 52. b6 g3 53. b7 g2 54.
b8=Q g1=Q 55. Qb7+ Kf4 56. Qb4+ Ke5 57. Qb5+ Ke6 58. Ka5 Qc1 59. a4 Qc3+ 60. Kb6
Kd6 61. a5 Qc7+ 62. Ka6 Qc8+ 63. Qb7 Qc7 64. Qb6+ Kd7 65. Qb5+ Qc6+ 66. Qb6 Qc7
67. Qb7 Kd8 68. Qd5+ Kc8 69. Qf5+ Kb8 70. Qb5+ Ka8 71. Qe8+ 1-0

[Event "Druzynowe Mistrzostwa Polski Juniorow - Ekstraliga"]
[Site "Suchedniow"]
[Date "1899-12-30"]
[Round "8.13"]
[White "Koziol, Kamil"]
[Black "Janik, Igor"]
[Result "0-1"]
[WhiteTitle "k"]
[BlackTitle "FM"]
[WhiteElo "2270"]
[BlackElo "2318"]

1. e4 c5 2. Nf3 Nc6 3. Bb5 g6 4. Bxc6 dxc6 5. d3 Bg7 6. h3 Nf6 7. O-O Nd7 8. c3
e5 9. a4 O-O 10. Be3 h6 11. Nh2 f5 12. exf5 gxf5 13. f4 exf4 14. Bxf4 Nf6 15.
Na3 Nd5 16. Nc4 b5 17. Ne3 Nxf4 18. Rxf4 Qd6 19. Rf2 f4 20. Nef1 b4 21. Nf3 bxc3
22. bxc3 Rb8 23. Rc1 Bf5 24. Rd2 Kh7 25. d4 c4 26. Nh4 Be4 27. Qe2 Qd5 28. Re1
Rbe8 29. Qd1 Bf6 30. Rxe4 Qxe4 31. Nf3 Rg8 32. Rb2 Re7 33. Kh2 Qd3 34. Qc2 Qxc2
35. Rxc2 Rb8 36. N1d2 Re2 37. Rc1 Rb2 38. Nxc4 Rxg2+ 39. Kh1 Rbc2 40. Re1 Rg3
41. Ncd2 Rxh3+ 42. Kg2 Rg3+ 43. Kh1 Rxc3 44. Ne4 Rgxf3 45. Nxf6+ Kg6 46. Nd7 Rh3+
47. Kg2 Rhe3 48. Rd1 Rc2+ 49. Kg1 Kf5 0-1

[Event "Druzynowe Mistrzostwa Polski Juniorow - Ekstraliga"]
[Site "Suchedniow"]
[Date "1899-12-30"]
[Round "8.14"]
[White "Delekta, Filip"]
[Black "Zylka, Stanislaw"]
[Result "0-1"]
[WhiteTitle "I++"]
[BlackTitle "k"]
[WhiteElo "2209"]
[BlackElo "2239"]

1. c4 c5 2. Nc3 g6 3. g3 Bg7 4. Bg2 Nc6 5. e3 e5 6. Nge2 Nge7 7. O-O O-O 8. f4
d6 9. d3 Rb8 10. fxe5 dxe5 11. a3 Be6 12. Rb1 a5 13. Ne4 b6 14. N2c3 f6 15. Rf2
h6 16. Qf1 f5 17. Nd2 Qd7 18. e4 f4 19. Nd5 g5 20. Kh1 Ng6 21. b3 h5 22. Bb2 Rb7
23. Bc3 Qd8 24. b4 axb4 25. axb4 Rbf7 26. Qd1 g4 27. bxc5 bxc5 28. Qa4 fxg3 29.
Rxf7 Rxf7 30. hxg3 Bd7 31. Rb6 h4 32. Kg1 hxg3 33. Qa6 Qh4 34. Nf1 Nf4 35. Nxf4
exf4 36. Bxg7 f3 37. Bxf3 gxf3 38. Rxc6 f2+ 0-1

[Event "Druzynowe Mistrzostwa Polski Juniorow - Ekstraliga"]
[Site "Suchedniow"]
[Date "1899-12-30"]
[Round "8.15"]
[White "Posluszny, Tomasz"]
[Black "Dzida, Kamil"]
[Result "0-1"]
[WhiteTitle "II"]
[BlackTitle "I"]
[WhiteElo "1555"]
[BlackElo "1781"]

1. d4 Nf6 2. c4 e6 3. Nf3 b6 4. g3 Ba6 5. Qc2 c5 6. dxc5 Bxc5 7. Bg2 d5 8. Ne5
O-O 9. O-O Nbd7 10. Nxd7 Qxd7 11. Nd2 Rac8 12. b3 dxc4 13. bxc4 Rfd8 14. a3 Bd4
15. Rb1 b5 16. e3 Bb6 17. Rd1 bxc4 18. Bf1 Qc6 19. Bg2 Qd6 20. Bf1 Bb7 21. Be2
c3 22. Nb3 Qc6 23. f3 Rxd1+ 24. Bxd1 Rd8 25. Be2 e5 26. h3 Nd5 27. Kf2 Nxe3 28.
Bxe3 Bxe3+ 29. Kg2 Bb6 30. Rc1 Be3 31. Rb1 Qg6 32. Qxg6 hxg6 33. Bd1 Bd5 34. Kf1
Bc4+ 35. Ke1 Rd2 0-1

[Event "Druzynowe Mistrzostwa Polski Juniorow - Ekstraliga"]
[Site "Suchedniow"]
[Date "1899-12-30"]
[Round "8.16"]
[White "Chyzy, Jakub"]
[Black "Oleksy, Krzysztof"]
[Result "1/2-1/2"]
[WhiteTitle "I"]
[BlackTitle "I"]
[WhiteElo "1805"]
[BlackElo "1569"]

1. e4 c5 2. Nf3 d6 3. d4 cxd4 4. Nxd4 Nf6 5. Nc3 a6 6. Be3 Ng4 7. Bc1 Nc6 8. Nxc6
bxc6 9. Be2 Nf6 10. O-O e5 11. Kh1 Be6 12. f4 exf4 13. Bxf4 Be7 14. e5 Nd5 15.
Nxd5 cxd5 16. exd6 Bxd6 17. Bxd6 Qxd6 18. Qd4 O-O 19. Rad1 Qc7 20. Rd2 a5 21.
Bf3 Rad8 22. Rfd1 h6 23. b3 Rd7 24. a4 Rfd8 25. c3 Rc8 26. Rc1 Qc5 27. h3 Qa3
28. Rb1 Rb8 29. b4 Qxa4 30. Rdb2 axb4 31. Rxb4 Rxb4 32. Rxb4 Qc2 33. Rb5 Rc7 34.
Bxd5 Bxd5 35. Qxd5 Qxc3 36. Qe5 Qxe5 37. Rxe5 g6 38. Kh2 Kg7 39. Re3 f5 40. Re6
Kf7 41. Ra6 Re7 42. Kg3 Re6 43. Ra3 g5 44. Kf3 h5 45. g3 Kf6 46. Ra5 g4+ 47. hxg4
hxg4+ 48. Kf2 Rd6 1/2-1/2

[Event "Druzynowe Mistrzostwa Polski Juniorow - Ekstraliga"]
[Site "Suchedniow"]
[Date "1899-12-30"]
[Round "8.17"]
[White "Cieslak, Wiktoria"]
[Black "Malinowska, Monika"]
[Result "1/2-1/2"]
[WhiteTitle "k+"]
[BlackTitle "I"]
[WhiteElo "1983"]
[BlackElo "1378"]

1. e4 e5 2. Nf3 Nc6 3. d4 exd4 4. Nxd4 g6 5. Nxc6 bxc6 6. Qd4 Qf6 7. e5 Qe6 8.
Be3 Bg7 9. f4 Ne7 10. Bc4 d5 11. Bd3 O-O 12. Nd2 f6 13. Nf3 fxe5 14. Nxe5 Nf5
15. Bxf5 Qxf5 16. O-O Re8 17. Rae1 Ba6 18. Rf2 Bxe5 19. fxe5 Qxe5 20. Qxe5 Rxe5
21. Bd2 Rxe1+ 22. Bxe1 Re8 23. Ba5 c5 24. h3 Re7 25. Bd2 Kg7 26. Bg5 Re6 27. Bf4
Re7 28. Bg5 Re1+ 29. Kh2 Re6 30. Bf4 Re7 31. Bg5 Re6 32. Bf4 Re7 33. Bg5 Re6 34.
Bf4 1/2-1/2

[Event "Druzynowe Mistrzostwa Polski Juniorow - Ekstraliga"]
[Site "Suchedniow"]
[Date "1899-12-30"]
[Round "8.18"]
[White "Kaniowska, Anna"]
[Black "Kroliczek, Gabriela"]
[Result "0-1"]
[WhiteTitle "II+"]
[BlackTitle "I"]
[WhiteElo "1390"]
[BlackElo "1404"]

1. d4 e6 2. c4 f5 3. Nf3 Nf6 4. g3 Bb4+ 5. Bd2 Qe7 6. Nc3 Bxc3 7. Bxc3 O-O 8. Bg2
d6 9. O-O Nbd7 10. b4 e5 11. dxe5 dxe5 12. Qc2 e4 13. Nd4 Ne5 14. c5 Kh8 15. f3
e3 16. Nxf5 Bxf5 17. Qxf5 Nc4 18. Qc2 Qf7 19. f4 c6 20. Rad1 Rad8 21. Rd3 Ng4
22. Rxd8 Rxd8 23. Rd1 Nd2 24. Rc1 Qh5 25. h4 Qf7 26. Qb2 Rd7 27. Rc2 Ne4 28. Bxe4
Rd1+ 29. Kg2 Nf2 30. Bf3 Qd7 31. f5 Qxf5 32. Bxg7+ Kg8 33. Qb3+ Kxg7 34. Qc3+
Kf7 35. Qc4+ Ke7 36. g4 Qf6 37. g5 Qf5 38. Bg4 Nxg4 39. Rc1 Rxc1 40. Qxc1 Qf2+
41. Kh3 Qxe2 42. Qg1 Nf2+ 43. Kh2 Ng4+ 44. Kh3 Qf3+ 45. Qg3 Qxg3+ 46. Kxg3 e2
0-1

[Event "Druzynowe Mistrzostwa Polski Juniorow - Ekstraliga"]
[Site "Suchedniow"]
[Date "1899-12-30"]
[Round "8.19"]
[White "Jarmula, Lukasz"]
[Black "Chomczyk, Marek"]
[Result "1-0"]
[WhiteTitle "IM"]
[BlackTitle "k"]
[WhiteElo "2447"]
[BlackElo "2167"]

1. e4 e5 2. Nf3 Nc6 3. Bb5 a6 4. Ba4 Nf6 5. O-O Be7 6. Re1 b5 7. Bb3 d6 8. c3 O-O
9. h3 Nb8 10. d4 Nbd7 11. Nbd2 Bb7 12. Bc2 Re8 13. Nf1 Bf8 14. Ng3 g6 15. Bg5
Bg7 16. Qd2 Nf8 17. Rad1 Qe7 18. d5 N8d7 19. a4 Nb6 20. axb5 axb5 21. Bd3 Qd7
22. Bf1 Ra2 23. Qc1 c6 24. dxc6 Qxc6 25. Bh6 Bc8 26. Nh4 d5 27. Bxg7 Kxg7 28.
Qg5 Nxe4 29. Rxe4 dxe4 30. Nh5+ Kf8 31. Nf6 Nd7 32. Nxh7+ Kg8 33. Qh6 Nf8 34.
Bxb5 Qe6 35. Bxe8 Nxh7 36. Bxf7+ Kxf7 37. Qxh7+ Ke8 38. Nxg6 1-0

[Event "Druzynowe Mistrzostwa Polski Juniorow - Ekstraliga"]
[Site "Suchedniow"]
[Date "1899-12-30"]
[Round "8.20"]
[White "Kowalski, Igor"]
[Black "Gazik, Viktor"]
[Result "1/2-1/2"]
[WhiteTitle "k"]
[BlackTitle "FM"]
[WhiteElo "2131"]
[BlackElo "2436"]

1. d4 Nf6 2. c4 b6 3. Nf3 Bb7 4. g3 g6 5. Bg2 Bg7 6. O-O O-O 7. Nc3 d6 8. Qc2 Nbd7
9. e4 e5 10. d5 a5 11. h3 Nc5 12. Bg5 h6 13. Be3 c6 14. dxc6 Bxc6 15. Nh2 Qe7
16. Rfd1 Rfd8 17. Nf1 Qb7 18. Bxc5 bxc5 19. Ne3 Nh7 20. Ned5 Nf8 21. Kh2 Ne6 22.
Rf1 Kh8 23. Qd2 Nd4 24. h4 Rab8 25. Rab1 Qd7 26. Ne2 Bxd5 27. cxd5 Rb4 28. Nxd4
cxd4 29. Rfc1 Qg4 30. a3 Rb3 31. Qxa5 Bf6 32. Rc7 Kg8 33. Qd2 g5 34. Qc2 Rdb8
35. hxg5 Bxg5 36. a4 d3 37. Qd1 Qxd1 38. Rxd1 d2 39. a5 Ra8 40. Kh3 Rxb2 41. Kg4
Rxa5 42. f4 Bf6 43. Kf5 Kg7 44. Rc6 Be7 45. Rc7 Bf8 46. Bf3 Rc5 47. Rxc5 dxc5
48. Be2 f6 1/2-1/2

[Event "Druzynowe Mistrzostwa Polski Juniorow - Ekstraliga"]
[Site "Suchedniow"]
[Date "1899-12-30"]
[Round "8.21"]
[White "Lis, Mateusz"]
[Black "Pacan-milej, Kosma"]
[Result "1/2-1/2"]
[WhiteTitle "I"]
[BlackTitle "I"]
[WhiteElo "1994"]
[BlackElo "2033"]

1. e4 c5 2. Nf3 d6 3. d4 cxd4 4. Nxd4 Nf6 5. Nc3 a6 6. Be3 e5 7. Nf3 Qc7 8. a4
Be7 9. a5 O-O 10. Be2 Nc6 11. Bb6 Qd7 12. O-O Bd8 13. Qd2 Bxb6 14. axb6 Qd8 15.
Bc4 Bg4 16. Qe3 Bxf3 17. Qxf3 Nd4 18. Qd3 Qxb6 19. b3 Qc7 20. Nd5 Nxd5 21. Bxd5
Rac8 22. c4 Qb6 23. Rab1 Ne6 24. g3 Nc7 25. Kg2 Nxd5 26. Qxd5 Qc6 27. Rfd1 Rfd8
28. Rb2 Qxd5 29. Rxd5 Kf8 30. Rbd2 Ke7 31. f4 f6 32. Kf3 Rc5 33. R5d3 Rc6 34.
Rd5 Rc5 35. R5d3 Rc6 36. Rd5 Rc5 37. R5d3 b5 1/2-1/2

[Event "Druzynowe Mistrzostwa Polski Juniorow - Ekstraliga"]
[Site "Suchedniow"]
[Date "1899-12-30"]
[Round "8.22"]
[White "Ossolinski, Ziemowit"]
[Black "Jobda, Rafal"]
[Result "1-0"]
[WhiteTitle "I"]
[BlackTitle "II"]
[WhiteElo "1845"]
[BlackElo "1566"]

1. e4 e5 2. Nf3 Nc6 3. Bb5 a6 4. Bxc6 dxc6 5. O-O Ne7 6. Nxe5 Qd4 7. Qh5 g6 8.
Qg5 Bg7 9. Nd3 f5 10. e5 c5 11. b3 b6 12. Bb2 Qg4 13. Qe3 Bb7 14. f3 Qh4 15. g3
Qh6 16. Qxh6 Bxh6 17. Na3 O-O-O 18. Rad1 Rhe8 19. Nc4 Nc6 20. Ne3 Nb4 21. Nxb4
cxb4 22. f4 Bf8 23. Kf2 b5 24. Rfe1 Bc5 25. d4 Bb6 26. c4 bxc3 27. Bxc3 Be4 28.
Re2 h6 29. Ng4 Bb7 30. Nf6 Re6 31. Red2 c6 32. Bb4 a5 33. Bc5 Kc7 34. Rc1 Bxc5
35. Rxc5 Kb6 36. Ke3 b4 37. a3 bxa3 38. Ra2 Re7 39. Rxa3 Ra8 40. Ra4 Rf8 41. Kd3
Ba6+ 42. Kc3 Bb5 43. Ra1 Rd8 44. h3 g5 45. fxg5 hxg5 46. g4 fxg4 47. hxg4 Rh8
48. Rd1 Rh2 49. Rd2 Rh1 50. Kb2 Rh4 51. Rc3 Rh8 52. d5 Rd8 53. e6 Rd6 54. Kc2
Ka6 55. Re3 Kb7 56. Ne4 Rxd5 57. Nd6+ Ka6 58. Rxd5 cxd5 59. Nf5 Rh7 60. e7 Rh8
61. Nd6 Be8 62. Re6 Ka7 63. Nf5 Kb7 64. Rd6 Kc7 65. Rd8 Rh2+ 66. Kc3 Rh8 67. Ng7
Rh3+ 68. Kb2 Rh2+ 69. Ka3 Bc6 70. e8=Q Bxe8 71. Rxe8 Rg2 72. Re5 Rxg4 73. Rxd5
Kb6 74. Ne6 Rh4 75. Rxg5 Ka6 76. Nc5+ Kb6 77. Na4+ Ka6 78. Rg6+ Ka7 79. Nb2 Rf4
80. Nc4 Rf5 81. Ka4 Rf4 82. Kxa5 Rf5+ 83. Kb4 Rh5 84. Ka3 Rh3 85. Rg4 Rf3 86.
Ka4 Rf5 87. b4 Rh5 88. Rg6 Rf5 89. b5 Rf1 90. Rg7+ Kb8 91. Kb4 Rf5 92. Na5 Rh5
93. b6 Rh8 94. Nc6+ 1-0

[Event "Druzynowe Mistrzostwa Polski Juniorow - Ekstraliga"]
[Site "Suchedniow"]
[Date "1899-12-30"]
[Round "8.23"]
[White "Gazikova, Veronika"]
[Black "Kaczmarska, Joanna"]
[Result "1-0"]
[WhiteTitle "k"]
[BlackTitle "k"]
[WhiteElo "2207"]
[BlackElo "1923"]

1. e4 e5 2. Nf3 Nc6 3. Bc4 Nf6 4. d3 Be7 5. O-O O-O 6. Re1 d6 7. c3 Na5 8. Bb5
a6 9. Ba4 b5 10. Bc2 c5 11. Nbd2 Re8 12. Nf1 Bf8 13. h3 g6 14. N3h2 Bg7 15. Qf3
Be6 16. g4 Rf8 17. Ng3 Ne8 18. Qg2 Nc6 19. Nf3 f6 20. g5 f5 21. exf5 Bxf5 22.
Nxf5 gxf5 23. Nh4 Ne7 24. d4 cxd4 25. cxd4 e4 26. Rd1 d5 27. Bf4 Kh8 28. Qg3 Nc6
29. Bb3 Nxd4 30. Rxd4 Bxd4 31. Rd1 Bg7 32. Ng6+ hxg6 33. Qh4+ Kg8 34. Bxd5+ Rf7
35. Bxf7+ Kxf7 36. Rxd8 Rxd8 37. Qg3 Rd5 38. Qb3 Ke6 39. Qa3 Nd6 40. Qxa6 Bxb2
41. Bxd6 Rxd6 42. Qxb5 Bd4 43. Kg2 Rb6 44. Qc4+ Ke5 45. f4+ exf3+ 46. Kxf3 Rb2
47. Qc7+ Kd5 48. Qf7+ Ke5 49. Qf6+ Kd5 50. Qxg6 Rf2+ 51. Kg3 f4+ 52. Kg4 Be3 53.
Qd3+ Ke5 54. a4 Rd2 55. Qf5+ Kd4 56. g6 Rg2+ 57. Kh5 Rg3 58. g7 f3 59. Kh4 Bf2
60. Qf4+ Kd3 61. Qxg3 Kd4 1-0

[Event "Druzynowe Mistrzostwa Polski Juniorow - Ekstraliga"]
[Site "Suchedniow"]
[Date "1899-12-30"]
[Round "8.24"]
[White "Malicka, Maria"]
[Black "Kulpa, Zuzanna"]
[Result "1-0"]
[WhiteTitle "k+"]
[BlackTitle "I++"]
[WhiteElo "1938"]
[BlackElo "1615"]

1. e4 e5 2. Nf3 Nc6 3. Bc4 Bc5 4. O-O Nf6 5. d3 O-O 6. Nbd2 d5 7. exd5 Nxd5 8.
Re1 Bg4 9. h3 Bh5 10. Nb3 Bb6 11. g4 Bg6 12. Nxe5 Nxe5 13. Rxe5 c6 14. Bxd5 cxd5
15. Qf3 Qc7 16. Re2 Qd7 17. Bf4 Rae8 18. Rae1 Rxe2 19. Qxe2 f5 20. g5 Re8 21.
Qd2 Bh5 22. d4 Re4 23. Rxe4 fxe4 24. Qc3 Bf3 25. Kh2 Qf5 26. Qe3 Kf7 27. Be5 Qxe5+
28. dxe5 Bxe3 29. fxe3 Ke6 30. Nc5+ Kxe5 31. Nxb7 Kf5 32. c3 Kxg5 33. Nd6 Kf6
34. Ne8+ Ke6 35. Nxg7+ Kd6 36. Nf5+ Kc5 37. Nd4 Bh5 38. b3 a5 39. Kg3 Be8 40.
Kf4 Bd7 41. h4 h5 42. Nf5 a4 43. Ke5 a3 44. Nd4 Bg4 45. Nc2 Be2 46. Nxa3 Bd3 47.
b4+ Kc6 48. Kd4 Kd6 49. c4 dxc4 50. Nxc4+ Kc7 51. Kc5 1-0

[Event "Druzynowe Mistrzostwa Polski Juniorow - Ekstraliga"]
[Site "Suchedniow"]
[Date "1899-12-30"]
[Round "8.25"]
[White "Wisniewski, Michal"]
[Black "Nowak, Kamil"]
[Result "1-0"]
[WhiteTitle "k+"]
[BlackTitle "k+"]
[WhiteElo "2235"]
[BlackElo "2313"]

1. e4 c5 2. Nf3 e6 3. d4 cxd4 4. Nxd4 Nf6 5. Nc3 d6 6. g4 h6 7. Nb3 Nc6 8. Bg2
Be7 9. h3 Bd7 10. Be3 a5 11. a4 Nb4 12. Qe2 Rc8 13. O-O O-O 14. Rfd1 Qc7 15. Rd2
Bc6 16. Nb5 Qb8 17. c3 Na6 18. Nxa5 Bxb5 19. axb5 Nc5 20. Bxc5 Rxc5 21. c4 Rd8
22. b4 Rc7 23. b6 Rcd7 24. e5 dxe5 25. Rxd7 Rxd7 26. Nxb7 Bxb4 27. Rb1 Bc3 28.
Nc5 Rd2 29. Qxd2 Bxd2 30. b7 Ba5 31. Na6 Nd7 32. Nxb8 Nxb8 33. Rb5 Bc7 34. Rc5
Bd6 35. Rc8+ 1-0

[Event "Druzynowe Mistrzostwa Polski Juniorow - Ekstraliga"]
[Site "Suchedniow"]
[Date "1899-12-30"]
[Round "8.26"]
[White "Gumularz, Szymon"]
[Black "Pultorak, Jan"]
[Result "0-1"]
[WhiteTitle "I++"]
[BlackTitle "FM"]
[WhiteElo "2267"]
[BlackElo "2296"]

1. Nf3 Nf6 2. g3 g6 3. b3 Bg7 4. Bb2 d5 5. c4 c6 6. Bg2 O-O 7. O-O Bg4 8. d3 Re8
9. Nbd2 Nbd7 10. h3 Bxf3 11. Nxf3 e5 12. Rc1 e4 13. Ne1 dxc4 14. bxc4 e3 15. f4
Nh5 16. Bxg7 Nxg7 17. d4 Nf6 18. Nc2 Qd6 19. Qd3 Rad8 20. Rcd1 Nf5 21. g4 Ng7
22. d5 cxd5 23. cxd5 h5 24. g5 Nd7 25. Nd4 Nc5 26. Qb1 Qe7 27. Qb4 Ne4 28. Qxe7
Rxe7 29. Nb5 Nd2 30. Rfe1 Nf5 31. Rc1 a6 32. Nc3 b5 33. Nb1 Nd4 34. Kh2 b4 35.
Rcd1 a5 36. Nxd2 exd2 37. Rxd2 Ne6 38. Kg3 Rc7 39. e3 Rc3 40. Kf2 Nc5 41. Red1
a4 42. d6 b3 43. axb3 axb3 44. Ke2 Na4 0-1

[Event "Druzynowe Mistrzostwa Polski Juniorow - Ekstraliga"]
[Site "Suchedniow"]
[Date "1899-12-30"]
[Round "8.27"]
[White "Teclaf, Pawel"]
[Black "Czopor, Maciej"]
[Result "1-0"]
[WhiteTitle "CM"]
[BlackTitle "I++"]
[WhiteElo "2191"]
[BlackElo "2016"]

1. e4 c5 2. Nf3 e6 3. d4 cxd4 4. Nxd4 Nf6 5. Nc3 d6 6. Be3 Be7 7. f3 a6 8. Qd2
Nc6 9. g4 Nd7 10. O-O-O O-O 11. h4 Nde5 12. Qf2 Bd7 13. g5 b5 14. Nxc6 Bxc6 15.
Rg1 b4 16. Ne2 Qc7 17. Nd4 Rfc8 18. h5 d5 19. g6 Bf8 20. Bh3 Bd7 21. gxf7+ Kxf7
22. h6 gxh6 23. Qg2 Ng6 24. exd5 exd5 25. Bxd7 Qxd7 26. f4 a5 27. f5 Ne7 28. Qf3
Ra6 29. Qh5+ Ng6 30. fxg6+ hxg6 31. Rdf1+ 1-0

[Event "Druzynowe Mistrzostwa Polski Juniorow - Ekstraliga"]
[Site "Suchedniow"]
[Date "1899-12-30"]
[Round "8.28"]
[White "Dytman, Radoslaw"]
[Black "Oglaza, Oskar"]
[Result "0-1"]
[WhiteTitle "II+"]
[BlackTitle "k"]
[WhiteElo "1479"]
[BlackElo "2107"]

1. e4 c5 2. Nf3 e6 3. d4 cxd4 4. Nxd4 Nc6 5. Nc3 Qc7 6. Be3 a6 7. Be2 Nf6 8. O-O
Be7 9. f4 d6 10. g4 Nxd4 11. Bxd4 e5 12. Be3 exf4 13. Rxf4 Be6 14. Nd5 Bxd5 15.
exd5 O-O 16. c4 Nd7 17. Bd4 Rae8 18. Bd3 Bg5 19. Rf1 Be3+ 20. Bxe3 Rxe3 21. Qc2
g6 22. Rae1 Qc5 23. b4 Qd4 24. Rxe3 Qxe3+ 25. Kg2 Ne5 26. Be2 Rc8 27. Rc1 Qd4
28. h3 b5 29. Rd1 Qe3 30. c5 dxc5 31. bxc5 Rxc5 32. Qd2 Qe4+ 33. Kg1 Rc2 34. Qxc2
Qxc2 35. Kf1 Nc4 36. Kf2 Nd6 37. a3 Qc5+ 0-1

[Event "Druzynowe Mistrzostwa Polski Juniorow - Ekstraliga"]
[Site "Suchedniow"]
[Date "1899-12-30"]
[Round "8.29"]
[White "Kopica, Paulina"]
[Black "Dadello, Aleksandra"]
[Result "0-1"]
[WhiteTitle "I++"]
[BlackTitle "I++"]
[WhiteElo "1899"]
[BlackElo "1958"]

1. e4 e6 2. d4 d5 3. e5 c5 4. c3 Qb6 5. Nf3 Nc6 6. a3 c4 7. g3 Bd7 8. Bh3 h6 9.
O-O Nge7 10. Nbd2 Na5 11. Nh4 O-O-O 12. f4 g5 13. Ng2 Ng6 14. Kh1 Be7 15. Bg4
Rdf8 16. Ne3 gxf4 17. gxf4 f6 18. Bh5 Nh4 19. Nf3 Nxf3 20. Rxf3 Nb3 21. Rb1 fxe5
22. fxe5 Qd8 23. Ng2 Be8 24. Rxf8 Bxf8 25. Nf4 Nxc1 26. Bxe8 Qxe8 27. Rxc1 h5
28. Qe2 Bh6 29. Rf1 Rf8 30. Ng2 Rxf1+ 31. Qxf1 Qg6 32. h4 Qf5 33. Qe2 Bc1 34.
Kg1 Kc7 35. Kh2 Kb6 36. Kg1 Qb1 37. Qxh5 Bxb2+ 38. Kh2 Bxc3 39. Qg4 Qf5 40. Qxf5
exf5 41. Ne3 Bxd4 42. Nxd5+ Kc5 43. e6 Kd6 44. e7 Kd7 45. Kg3 c3 46. Nb4 Kxe7
47. Kf4 Ke6 48. h5 Be5+ 49. Ke3 Kf6 50. Nd3 f4+ 51. Ke2 Bd6 52. a4 Kg5 0-1